00789nam a2200265Ia 450000100060000000300090000600800410001504000130005604000130006904100130008210000210009510000290011624000290014524000350017424500310020924500250024025000110026526000110027626000140028726000490030130000570035050000520040765000330045965000310049239968IT-RoPAU130308s9999 xx 000 0 und d aIT-RoPAU cIT-RoPAU aITALIANO aChandler Raymond gCodice Aut. SPICS: 8143 aMAN WHO LIKED DOGS (THE) gCodice Tit. Orig. Spics: T0132 aUomo che amava i cani (L') bScuola dei duri (La) a1a ed. aVERONA bMondadori c1969 [1° Ed.:1969 - Ed.Ling.Originale:1964] a"35 p. (prefazione: no ; testo: 35 [pagine: 39-73])" aTesto del Fumetto Traduzione di Attilio Veraldi aSTORIA NAZIONALE DEL FUMETTO eCodice materia Spics: 6709